000 00746 a2200241 4500
005 20251028130629.0
008 251028b |||||||| |||| 00| 0 eng d
020 _a9781509548767 (pbk)
037 _cTB
040 _aCRL
_cCRL
041 _2eng
_aeng
084 _aW81vN R4
_qCRL
100 _aGibson, Nigel C.
_9847020
245 _aFrantz fanon:
_bcombat breathing
260 _aCambridge, UK:
_bPolity,
_c2024.
300 _axx, 340p.
365 _b24.95
_cUSD
650 _aPolitical Science
_9849692
650 _aRevolution
_9849693
650 _aFrantz Fanon
_9849694
942 _cTB
_2CC
_n0
_hW81vN R4
999 _c1464336
_d1464336